La célula vegetal
Gardado en:
| Autor Principal: | |
|---|---|
| Formato: | Libro |
| Idioma: | Lingua castelá |
| Publicado: |
Ciudad de México, México
Herrero Hermanos
1974
|
| Edición: | Segunda edición |
| Series: | Fundamentos de la Botánica
|
| Subjects: | |
| Tags: |
Engadir etiqueta
Sen Etiquetas, Sexa o primeiro en etiquetar este rexistro!
|
MARC
| LEADER | 00000nam a2200000 a 4500 | ||
|---|---|---|---|
| 001 | UCT3776 | ||
| 003 | CL-VaPUC | ||
| 005 | 20250224164157.0 | ||
| 008 | 961031e19740500MX |||||||||||||||||spa|d | ||
| 999 | |c 253312 |d 253310 | ||
| 040 | |c Pontificia Universidad Católica de Valparaíso | ||
| 082 | 0 | 4 | |a 581.8 JEN 1974 |2 21 |
| 100 | |a Jensen, William A |e author |9 374334 | ||
| 245 | 1 | 3 | |a La célula vegetal |
| 250 | |a Segunda edición | ||
| 260 | 0 | 3 | |a Ciudad de México, México |b Herrero Hermanos |c 1974 |
| 300 | |a 140 páginas | ||
| 490 | 0 | |a Fundamentos de la Botánica | |
| 500 | |a Donación del profesor Carlos Pizarro Godoy | ||
| 583 | |a last modification |c 19961031 00:00:00 |k Rodrigo Vera | ||
| 650 | 0 | |a Células |9 269548 | |
| 650 | 0 | |a Biología |9 262022 | |
| 650 | 0 | |a Botánica |9 264202 | |
| 650 | 0 | |a Plantas |9 264555 | |
| 650 | 7 | |a CITOPLASMA |2 CL-VaPUC |9 362210 | |
| 650 | 0 | |a Fisiología vegetal |9 260158 | |
| 650 | 0 | |a Anatomía vegetal |9 269541 | |
| 650 | 0 | |a Metabolismo vegetal |9 333115 | |
| 942 | |c BK |2 ddc | ||
| 945 | |d 19961031 00:00:00 |a cmena | ||
| 952 | |0 0 |1 0 |2 ddc |4 0 |6 581_800000000000000_JEN_1974 |7 0 |8 A |9 273990 |a BIBCUR |b BIBCUR |d 2019-11-19 |i 1772163 |o 581.8 JEN 1974 |p 1772163 |r 2025-04-22 |t 1 |w 2019-11-19 |y BK |k BIO | ||